| 000 | 01031cam a2200325 a 4500 | ||
|---|---|---|---|
| 999 |
_c6783 _d6783 |
||
| 001 | 819237 | ||
| 003 | OSt | ||
| 005 | 20210222105228.0 | ||
| 008 | 961107s1997 xxu|||| |||| 00||0|eng | ||
| 010 | _a96-45557 | ||
| 020 | _a9780443055980 | ||
| 020 | _a044305598X | ||
| 040 |
_aDNLM _cDNLM |
||
| 041 | 0 | _aeng | |
| 060 | 0 | 0 |
_aQV 38 _bL974b 1997 |
| 082 |
_aQV 38 _bL29b |
||
| 100 | 1 |
_aLuty, Jason. _913899 |
|
| 245 | 1 | 0 |
_aBasic and clinical pharmacology made memorable / _cJason Luty, Patrick Harrison ; illustrated by Robert Britton. |
| 246 | 3 | 0 | _aPharmacology |
| 260 |
_aNew York : _bChurchill Livingstone, _c1997. |
||
| 300 |
_avii, 110 p. : _bill. |
||
| 336 |
_atext _btxt _2rdacontent |
||
| 337 |
_aunmediated _bn _2rdamedia |
||
| 338 |
_avolume _bnc _2rdacarrier |
||
| 504 | _aIncludes bibliographical references (p. 105) and index. | ||
| 650 | 1 | 2 |
_aPharmacology _0https://id.nlm.nih.gov/mesh/D010600 _9357 |
| 700 | 1 |
_aHarrison, Patrick, _cBSc. _913900 |
|
| 942 |
_2ddc _cO_SHELF |
||